00877nam a2200217 i 450000100060000000300090000600500170001500700030003200800410003510000310007624501470010725000570025426000330031130000350034470000370037970000420041670000300045885200320048899900170052095201220053765696ES-MaACL20230906165440.0t|040120s1964 sp ||||1| spa d1 aFuchslocher, Eugen.95281510aBombas / cFuchslocher, Schulz ; traducción española por Martín Kraemer Morata ; revisión y prólogo de Rafael Miravitllas Serradell. a10ª ed. alemana, ref. y amp. bpor Hellmuth Schulz. aBarcelona : bLabor, c1964. aXVI, 332 p. : bil. ; c23 cm.1 aKraemer Morata, Martín.9686991 aMiravitllas Serradell, Rafael.9815721 aSchulz, Hellmuth.9104795 aES-MaACLjC-25600 bR.54320 c65696d65696 00104070aATENEOMbATENEOMcDEPO2d2008-01-17eSCl0oC-25600p1068827r2023-02-23 00:00:00w2023-02-23yMONOGRAFIA